000 00639nab a2200193 4500
999 _c372266
_d372266
001 90031
003 OSt
005 20230303124434.0
007 tu
008 110905s2000|||||||
040 _aDE-2950
_cDE-2950
245 0 0 _aDie meisten Opfer sind Frauen.
_bGewalt. Nach dem ende der Corona-Pandemie ist die Zahl der Personen gestiegen, die sich an Hilfsorganisationen wie den Weißen Ring wenden /
_cInes Weber-Rath
264 _c2023
653 _aFrankfurt (Oder)
653 _aGewaltverbrechen
653 _aHilfsorganisation
773 0 _g34. Jahrgang (2023) Nr. 49, 27.02.2023, S. 11: Foto
_tMärkische Oderzeitung
942 _2z
_cA